Gaming Quiz

Random Gaming Quiz
Score 0/74 Timer 12:00
0 Plays Today
Hint Answer % Correct
Event #18: $565 Pot Limit OmahaTyler Smith
40%
Event #73: $10,000 No Limit Hold'em Main EventScott Blumstein
33.3%
Event #6: $111,111 High Roller for One Drop No Limit Hold'emDoug Polk
20%
Event #54: $10,000 Pot Limit Omaha Eight-Handed ChampionshipTommy Le
20%
Event #35: $1,000 Super Seniors No Limit Hold'emJames Moore
13.3%
Event #70: $10,000/$1,000 Ladies No Limit Hold'em ChampionshipHeidi May
13.3%
Event #2: $10,000 Tag Team No Limit Hold'em ChampionshipIgor Kurganov & Liv Boeree
6.7%
Event #7: $2,500 Mixed Triple Draw LowballJesse Martin
6.7%
Event #11: $1,500 Dealers Choice Six-HandedDavid Bach
6.7%
Event #21: $1,500 Eight-Game Mix Six-HandedRon Ware
6.7%
Event #30: $10,000 H.O.R.S.E. ChampionshipDavid Bach
6.7%
Event #40: $1,500 Seven Card Stud Hi-Lo 8 or BetterErnest Bohn
6.7%
Event #50: $1,500 No Limit Hold'em BountyChris Bolek
6.7%
Event #53: $3,000 Limit Hold'em Six-HandedMax Silver
6.7%
Event #62: $50,000 Poker Players ChampionshipElior Sion
6.7%
Event #72: $10,000 Seven Card Stud ChampionshipMike Wattel
6.7%
Event #1: $565 Casino Employees No Limit Hold'emBryan Hollis
0%
Event #3: $3,000 No Limit Hold'em ShootoutUpeshka De Silva
0%
Event #4: $1,500 Omaha Hi-Lo 8 or BetterBenjamin Zamani
0%
Event #5: $565 The Colossus III No Limit Hold'emThomas Pomponio
0%
Event #8: $333 WSOP.com Online No Limit Hold'emJoseph Mitchell
0%
Event #9: $10,000 Omaha Hi-Lo 8 or Better ChampionshipAbe Mosseri
0%
Event #10: $1,000 Tag Team No Limit Hold'emNipun Java & Aditya Sushant
0%
Event #12: $1,500 No Limit Hold'emDavid Pham
0%
Event #13: $1,500 No Limit 2-7 Lowball DrawFrank Kassela
0%
Event #14: $1,500 H.O.R.S.E.David Singer
0%
Event #15: $10,000 Heads Up No Limit Hold'em ChampionshipAdrián Mateos
0%
Event #16: $1,500 No Limit Hold'em Six-HandedAnthony Marquez
0%
Event #17: $10,000 Dealers Choice Six-Handed ChampionshipJohn Racener
0%
Event #19: $365 The Giant No Limit Hold'emDieter Dechant
0%
Event #20: $1,500 No Limit Hold'em Millionaire MakerPablo Mariz
0%
Event #22: $10,000 No Limit 2-7 Lowball Draw ChampionshipJohn Monnette
0%
Event #23: $2,620 The Marathon No Limit Hold'emJoseph Di Rosa Rojas
0%
Event #24: $1,500 Limit Hold'emShane Buchwald
0%
Event #25: $1,000 Pot Limit OmahaTyler Groth
0%
Event #26: $10,000 Razz ChampionshipJames Obst
0%
Event #27: $3,000 No Limit Hold'em Six-HandedChris Moorman
0%
Hint Answer % Correct
Event #28: $1,500 Limit 2-7 Lowball Triple DrawBrian Brubaker
0%
Event #29: $2,500 No Limit Hold'emGaurav Raina
0%
Event #31: $1,000 Seniors No Limit Hold'em ChampionshipFrank Maggio
0%
Event #32: $1,500 Omaha Hi-Lo 8 or Better MixVladimir Shchemelev
0%
Event #33: $1,500 No Limit Hold'emChristopher Frank
0%
Event #34: $10,000 Limit 2-7 Lowball Triple Draw ChampionshipBen Yu
0%
Event #36: $5,000 No Limit Hold'em Six-HandedNadar Kakhmazov
0%
Event #37: $1,000 No Limit Hold'emThomas Reynolds
0%
Event #38: $10,000 Limit Hold'em ChampionshipJoe McKeehen
0%
Event #39: $1,000 No Limit Hold'em Super Turbo BountyRifat Palevic
0%
Event #41: $1,500 Pot Limit OmahaLoren Klein
0%
Event #42: $10,000 No Limit Hold'em Six-Handed ChampionshipDmitry Yurasov
0%
Event #43: $1,500 No Limit Hold'em ShootoutBen Maya
0%
Event #44: $3,000 H.O.R.S.E.Matthew Schreiber
0%
Event #45: $5,000 No Limit Hold'emChristopher Brammer
0%
Event #46: $1,500 Pot Limit Omaha Hi-Lo 8 or BetterNathan Gamble
0%
Event #47: $1,500 No Limit Hold'em Monster StackBrian Yoon
0%
Event #48: $10,000 Seven Card Stud Hi-Lo 8 or Better ChampionshipChristopher Vitch
0%
Event #49: $3,000 Pot Limit Omaha Six-HandedLuis Calvo
0%
Event #51: $10,000 Pot Limit Omaha Hi-Lo 8 or Better ChampionshipBryce Yockey
0%
Event #52: $1,500 No Limit Hold'emMohsin Charania
0%
Event #55: $1,500 Seven Card StudTom Koral
0%
Event #56: $5,000 No Limit Hold'emNorberto Korn
0%
Event #57: $2,500 Omaha Hi-Lo 8 or Better/Seven Card Stud Hi-Lo 8 or Better MixSmith Sirisakorn
0%
Event #58: $1,500 No Limit Hold'emArtur Rudziankov
0%
Event #59: $2,500 Big Bet MixJens Lakemeier
0%
Event #60: $888 Crazy Eights No Limit Hold'em Eight-HandedAlexandru Papazian
0%
Event #61: $3,333 WSOP.com Online No Limit Hold'em High RollerThomas Cannuli
0%
Event #63: $1,000 No Limit Hold'emRulah Divine
0%
Event #64: $1,500 No Limit Hold'em/Pot Limit Omaha Eight-Handed MixSebastian Langrock
0%
Event #65: $1,000 No Limit Hold'emShai Zurr
0%
Event #66: $1,500 No Limit Hold'emChris Klodnicki
0%
Event #67: $25,000 Pot Limit Omaha Eight-Handed High RollerJames Calderaro
0%
Event #68: $3,000 No Limit Hold'emHarrison Gimbel
0%
Event #69: $1,500 RazzJason Gola
0%
Event #71: $1,000 WSOP.com Online No Limit Hold'em ChampionshipNipun Java
0%
Event #74: $1,000 The Little One for One Drop No Limit Hold'emAdrian Moreno
0%
Remove Ads.
Support Sporcle.
Get the best of Sporcle when you Go Orange. This ad-free experience offers more features, more stats, and more fun while also helping to support Sporcle. Thank you for becoming a member.

You're not logged in!

Compare scores with friends on all Sporcle quizzes.
OR
Log In

Sporcle TV

Today on Sporcle TV


Watch our educational content, quiz creation guides, and fun videos on Sporcle TV.

Show Comments

Extras

Created Sep 20, 2017ReportNominate
Tags:Poker, WSOP, WSOP Bracelets

Top Quizzes Today


Score Distribution

Paid Content

Your Account Isn't Verified!

In order to create a playlist on Sporcle, you need to verify the email address you used during registration. Go to your Sporcle Settings to finish the process.

Report this User

Report this user for behavior that violates our Community Guidelines.

Details: